ندوة الأسس الفنية والإقتصادية لإنتاج أمهات فراخ دجاج بيض المائدة وفروج اللحم : الخرطوم 30-3 /4/ 1993 /
يعتبر توفير الغذاء في عالم اليوم المرتكز الأساسي لسياسات الدول خاصة الدول النامية، اذ صار الغذاء سلعة استراتيجية تلعب دوراً متزايداً فى سياسات الدول الخارجية ، وقد تأثرت الدول العربية بشكل خاص بأزمة الغذاء العالمي فى عقد السبعينيات من هذا القرن نظراً لانها من أكبر دول العالم عجزاً فى الغذاء مما يستل...
| Údair chorparáideacha: | , |
|---|---|
| Formáid: | Imeacht comhdhála LEABHAR |
| Teanga: | Araibis |
| Foilsithe / Cruthaithe: |
الخرطوم :
المنظمة العربية للتنمية الزراعية،
1993.
|
| Ábhair: | |
| Clibeanna: |
Cuir clib leis
Níl clibeanna ann, Bí ar an gcéad duine le clib a chur leis an taifead seo!
|
MARC
| LEADER | 00000nam a22000007a 4500 | ||
|---|---|---|---|
| 003 | INP | ||
| 005 | 20181122095221.0 | ||
| 008 | 180204s1993 su ||||fr|||| 00| 0 ara d | ||
| 952 | |0 0 |1 0 |4 0 |6 598_610000000000000_ن_د |7 0 |8 CON |9 4818 |a INP |b INP |c MAIN |d 2018-04-16 |l 0 |o 598.61 ن د |p 005830 |r 2022-03-28 00:00:00 |w 2018-04-16 |y CON | ||
| 999 | |c 7476 |d 7476 | ||
| 040 | |a EG-INP |b ara |c EG-INP | ||
| 082 | 0 | 4 | |2 21 |a 598.61 |b ن د |
| 111 | 2 | |a ندوة الأسس الفنية والإقتصادية لإنتاج أمهات فراخ دجاج بيض المائدة وفروج اللحم. |d (1993: |c الخرطوم). | |
| 245 | 1 | 0 | |a ندوة الأسس الفنية والإقتصادية لإنتاج أمهات فراخ دجاج بيض المائدة وفروج اللحم : |b الخرطوم 30-3 /4/ 1993 / |c جامعة الدول العربية. المنظمة العربية للتنمية الزراعية. |
| 260 | |a الخرطوم : |b المنظمة العربية للتنمية الزراعية، |c 1993. | ||
| 300 | |a 347 ص. ؛ |c 24 سم. | ||
| 520 | |a يعتبر توفير الغذاء في عالم اليوم المرتكز الأساسي لسياسات الدول خاصة الدول النامية، اذ صار الغذاء سلعة استراتيجية تلعب دوراً متزايداً فى سياسات الدول الخارجية ، وقد تأثرت الدول العربية بشكل خاص بأزمة الغذاء العالمي فى عقد السبعينيات من هذا القرن نظراً لانها من أكبر دول العالم عجزاً فى الغذاء مما يستلزم تضافر الجهود لزيادة إنتاج الغذاء على المستوى القومي والقطري أملا فى حياة كريمة للمواطن العربي ومستقبلا أفضل للأجيال القادمة. | ||
| 650 | 7 | |a الدواجن. |2 qrmak | |
| 650 | 7 | |a الأمن الغذائى. |2 qrmak | |
| 650 | 7 | |a التنمية الإقتصادية. |2 qrmak | |
| 710 | 2 | |a جامعة الدول العربية. |b المنظمة العربية للتنمية الزراعية. |e جهة مسئولة | |
| 901 | |a EGPV10 | ||
| 902 | |a EGPV2 | ||
| 903 | |a original | ||
| 942 | |2 ddc |c CON | ||